| 000 | 02693cam a2200337 a 4500 | ||
|---|---|---|---|
| 003 | OSt | ||
| 005 | 20200911111134.0 | ||
| 008 | 090327s2008 ck abd r 000 0 spa d | ||
| 020 | _a9789587161786 | ||
| 040 |
_aCO-BoPUJ _cCO-JMCR |
||
| 041 | 0 | _aspa | |
| 082 | 0 | 4 |
_a327.861087 _bA779v _223 |
| 100 | 1 |
_aArroyave Quintero, Mario Andres, _eautor _910158 |
|
| 245 | 1 | 0 |
_aVecindario agitado : _bColombia y Venezuela : entre la hermandad y la conflictividad / _cMario Andrés Arroyave Quintero, Armando Holguín Sarria, Olga Lucía Illera Correal [y otros 7] ; editores Eduardo Fidel Pastrana Buelvas, Carsten Wieland y Juan Carlos Vargas Restrepo |
| 246 | 1 | 0 | _aColombia y Venezuela : entre la hermandad y la conflictividad |
| 250 | _aPrimera edición | ||
| 260 |
_aBogotá : _bPontificia Universidad Javeriana : _bFundación Konrad Adenauer : _bUniversidad del Rosario : _bUniversidad Santiago de Cali : _bUniversidad Tecnológica de Bolívar, _c2008. |
||
| 300 |
_a270 páginas : _bilustraciones, mapas y tablas ; _c24 cm. |
||
| 504 | _aIncluye referencias bibliográficas. | ||
| 505 | 0 |
_tColombia y Venezuela en tres momentos : del panamericanismo al latinoamericanismo / _rArmando Holguín Sarria y Marco Antonio Macana. -- _tColombia-Venezuela : la hiperinflación del ejecutivo / _rJavier Sanín Fonnegra, S.J. -- _gLas _trelaciones civiles militares en Colombia y Venezuela : un reto para la democracia / _rOlga Lucía Illera Correal. -- _tColombia-Venezuela : dos maneras de comprender la seguridad / _rOlga Lucía Illera Correal y Juan Carlos Ruiz Vásquez. -- _tDiferencias ideológicas y aumento del narcotráfico : la posición ambivalente de Venezuela / _rDiego Fernando Tarapués Sandino. -- _tInterdependencia comercial entre Colombia y Venezuela : tensiones y transformaciones con Uribe-Chávez / _rMario Andrés Arroyave Quintero. -- _gEl _tliderazgo populista de Chávez, su discurso y las relaciones colombo-venezolanas / _rMartha Lucía Márquez Restrepo. -- _g¿ _tIrreversibilidad de la degradación de las relaciones político-diplomáticas? / _rEduardo Fidel Pastrana Buelvas y Diego Felipe Vera Piñeros. |
|
| 650 | 2 | 4 |
_aDiplomacia _zColombia _910159 |
| 650 | 2 | 4 |
_aDiplomacia _zVenezuela _910160 |
| 700 | 1 |
_aPastrana Buelvas, Eduardo Fidel _d1961- _eeditor _910161 |
|
| 700 | 1 |
_aWieland, Carsten _eeditor _910162 |
|
| 700 | 1 |
_aVargas Restrepo, Juan Carlos _eeditor _910163 |
|
| 700 | 1 |
_aArroyave Quintero, Mario Andrés _eautor _910164 |
|
| 700 | 1 |
_aHolguín Sarria, Armando _eautor _910165 |
|
| 700 | 1 |
_aIllera Correal, Olga Lucía _eautora _910166 |
|
| 710 | 2 |
_aPontificia Universidad Javeriana _bFacultad de Ciencias Políticas y Relaciones Internacionales _910167 |
|
| 942 |
_2ddc _cBK |
||
| 999 |
_c6837 _d6837 |
||